[Event "Michigan Amateur op"]
[Site "Kalamazoo"]
[Date "2004.10.23"]
[Round "2"]
[White "Payne, Ashlee"]
[Black "Achukola, Raghuveer"]
[Result "1-0"]
[WhiteElo "1242"]
[BlackElo "610"]
[PlyCount "99"]
[EventDate "2004.10.23"]
[EventType "swiss"]
[EventRounds "5"]
[EventCountry "USA"]
[SourceTitle "EXT 2007"]
[Source "ChessBase"]
[SourceDate "2006.11.23"]
[SourceVersion "1"]
[SourceVersionDate "2006.11.23"]
[SourceQuality "1"]

1. d4 d5 2. Bf4 Nc6 3. Nc3 Nf6 4. Nb5 e5 5. dxe5 Ne4 6. e3 Be7 7. Bd3 Nc5 8. e6 0-0 9. Nxc7 Rb8 10. Nxd5 Bd6 11. exf7+ Rxf7 12. Bxd6 Qxd6 13. Nf4 Rd7 14. Bc4+ Kh8 15. Qxd6 Rxd6 16. Nf3 Be6 17. Nxe6 Nxe6 18. 0-0 Nc5 19. Ng5 Rg6 20. Nf7+ Kg8 21. Ne5+ Kf8 22. Nxg6+ hxg6 23. Rad1 Na4 24. b3 Nb2 25. Rd2 Nxc4 26. bxc4 b5 27. cxb5 Rxb5 28. c3 Rg5 29. f4 Rg4 30. h3 Rh4 31. Rd6 Ne7 32. Kh2 a5 33. g3 Rh5 34. g4 Rb5 35. Rfd1 Rb8 36. Rd8+ Rxd8 37. Rxd8+ Kf7 38. Ra8 Nc6 39. Ra6 Nb8 40. Rxa5 Nd7 41. a4 Nf6 42. Ra7+ Kg8 43. a5 Kh7 44. Rf7 Kh6 45. a6 Nd5 46. a7 Nb6 47. Rf8 g5 48. f5 Kh7 49. c4 Kh6 50. Rh8# 1-0

[Event "Lansing op"]
[Site "Lansing"]
[Date "2004.09.06"]
[Round "7"]
[White "McLeod, Robert"]
[Black "Achukola, Raghuveer"]
[Result "0-1"]
[WhiteElo "741"]
[BlackElo "610"]
[PlyCount "52"]
[EventDate "2004.09.03"]
[EventType "swiss"]
[EventRounds "7"]
[EventCountry "USA"]
[SourceTitle "EXT 2007"]
[Source "ChessBase"]
[SourceDate "2006.11.23"]
[SourceVersion "1"]
[SourceVersionDate "2006.11.23"]
[SourceQuality "1"]

1. e4 e5 2. Nc3 Nf6 3. Nf3 Nc6 4. Be2 Bc5 5. 0-0 0-0 6. d3 d6 7. Bg5 Be6 8. Be3 Qd7 9. Bxc5 dxc5 10. Qd2 h6 11. Rfd1 Nd4 12. Nxe5 Qd6 13. Nf3 Bg4 14. e5 Nxf3+ 15. gxf3 Qxe5 16. fxg4 Rad8 17. Re1 Qe6 18. Bf3 Qd7 19. Rad1 Rfe8 20. Re2 Rxe2 21. Bxe2 Nxg4 22. Bxg4 Qxg4+ 23. Kf1 Rd6 24. Re1 Qh3+ 25. Kg1 Rg6+ 26. Kh1 Qg2# 0-1